<?xml version="1.0" encoding="UTF-8"?><?xml-stylesheet type="text/xsl" href="static/style.xsl"?><OAI-PMH xmlns="http://www.openarchives.org/OAI/2.0/" xmlns:xsi="http://www.w3.org/2001/XMLSchema-instance" xsi:schemaLocation="http://www.openarchives.org/OAI/2.0/ http://www.openarchives.org/OAI/2.0/OAI-PMH.xsd"><responseDate>2026-04-28T19:09:53Z</responseDate><request verb="GetRecord" identifier="oai:uvadoc.uva.es:10324/77100" metadataPrefix="marc">https://uvadoc.uva.es/oai/request</request><GetRecord><record><header><identifier>oai:uvadoc.uva.es:10324/77100</identifier><datestamp>2025-08-22T19:01:12Z</datestamp><setSpec>com_10324_150</setSpec><setSpec>col_10324_696</setSpec></header><metadata><record xmlns="http://www.loc.gov/MARC21/slim" xmlns:doc="http://www.lyncode.com/xoai" xmlns:xsi="http://www.w3.org/2001/XMLSchema-instance" xmlns:dcterms="http://purl.org/dc/terms/" xsi:schemaLocation="http://www.loc.gov/MARC21/slim http://www.loc.gov/standards/marcxml/schema/MARC21slim.xsd">
<leader>00925njm 22002777a 4500</leader>
<datafield tag="042" ind1=" " ind2=" ">
<subfield code="a">dc</subfield>
</datafield>
<datafield tag="720" ind1=" " ind2=" ">
<subfield code="a">Payno, Antonio</subfield>
<subfield code="e">author</subfield>
</datafield>
<datafield tag="260" ind1=" " ind2=" ">
<subfield code="c">1647</subfield>
</datafield>
<datafield tag="024" ind2=" " ind1="8">
<subfield code="a">https://uvadoc.uva.es/handle/10324/77100</subfield>
</datafield>
<datafield tag="024" ind2=" " ind1="8">
<subfield code="a">U/Bc 12739(05)</subfield>
</datafield>
<datafield ind1=" " ind2=" " tag="653">
<subfield code="a">Austria, Baltasar Carlos, Príncipe de - Exequias</subfield>
</datafield>
<datafield ind1=" " ind2=" " tag="653">
<subfield code="a">Sermones españoles - Siglo XVII</subfield>
</datafield>
<datafield tag="245" ind1="0" ind2="0">
<subfield code="a">Oracion funebre que consagra al rey nuestro señor Filipe IIII el doctor don Antonio Payno, obispo de Orense..., dixola en la Popa que la dicha ciudad hizo al... príncipe... don Baltasar Carlos de Austria</subfield>
</datafield>
</record></metadata></record></GetRecord></OAI-PMH>